[Event "FIN-chT 2223"]
[Site "Finland"]
[Date "2022.09.25"]
[Round "2.8"]
[White "Byggmastar, Lars"]
[Black "Tuominen, Tanja"]
[Result "0-1"]
[WhiteElo "2145"]
[BlackElo "2026"]
[PlyCount "100"]
[EventDate "2022.09.24"]
[EventType "team-tourn"]
[EventRounds "11"]
[EventCountry "FIN"]
[SourceTitle "CBM 210 Extra"]
[Source "ChessBase"]
[SourceDate "2022.11.30"]
[SourceVersion "1"]
[SourceVersionDate "2022.11.30"]
[SourceQuality "1"]
[WhiteTeam "Turku TuTS"]
[BlackTeam "Helsinki Ninja"]
[WhiteTeamCountry "FIN"]
[BlackTeamCountry "FIN"]

1. d4 d5 2. Bf4 Nf6 3. e3 e6 4. Nf3 Bd6 5. Bg3 0-0 6. Bd3 c5 7. c3 Nc6 8. Nbd2 b6 9. Ne5 Bb7 10. 0-0 Qc7 11. f4 Ne7 12. Qf3 Nf5 13. Rae1 Be7 14. a3 Nd6 15. h3 Nfe4 16. Bxe4 dxe4 17. Qd1 f6 18. Ng4 Ba6 19. Rf2 Nf5 20. Bh2 Qc6 21. g3 h5 22. Nxf6+ Rxf6 23. Qxh5 cxd4 24. cxd4 Bb7 25. Qd1 Nxd4 26. g4 Rd8 27. Qb1 Rh6 28. Rc1 Qd5 29. Kg2 Nf3 30. Nf1 e5 31. f5 Nxh2 32. Kxh2 Ba6 33. Rc7 Bc5 34. b4 Bxf1 35. bxc5 Rxh3+ 36. Kg1 Bd3 37. Qd1 bxc5 38. Kg2 Rxe3 39. f6 Rf3 40. Rxg7+ Kf8 41. Qc1 Rxf2+ 42. Kxf2 Qd4+ 43. Qe3 Rb8 44. Qxd4 cxd4 45. g5 e3+ 46. Kf3 e2 47. g6 e1Q 48. Rf7+ Ke8 49. Re7+ Kd8 50. g7 Qe3+ 0-1

[Event "Olympiad Women-44"]
[Site "Chennai"]
[Date "2022.08.07"]
[Round "9.2"]
[White "Eric, Jovana"]
[Black "Tuominen, Tanja"]
[Result "1-0"]
[WhiteElo "2271"]
[BlackElo "2080"]
[PlyCount "77"]
[EventDate "2022.07.29"]
[EventType "team-swiss"]
[EventRounds "11"]
[EventCountry "IND"]
[SourceTitle "CBM 210"]
[Source "ChessBase"]
[SourceDate "2022.10.31"]
[SourceVersion "1"]
[SourceVersionDate "2022.10.31"]
[SourceQuality "1"]
[WhiteTeam "Serbia (W)"]
[BlackTeam "Finland (W)"]
[WhiteTeamCountry "SRB"]
[BlackTeamCountry "FIN"]

1. e4 c5 2. Nf3 Nc6 3. Bb5 e6 4. 0-0 Nge7 5. Re1 a6 6. Bf1 d5 7. exd5 Nxd5 8. d4 Be7 9. c4 Nf6 10. Be3 cxd4 11. Nxd4 Nxd4 12. Bxd4 Bd7 13. Nc3 0-0 14. Qd3 Bc6 15. Rad1 Qa5 16. Qg3 Rfd8 17. a3 Nh5 18. Qh3 Bf6 19. Bxf6 Nxf6 20. Qg3 Rd7 21. Rxd7 Nxd7 22. Rd1 h6 23. Qd3 Qg5 24. Ne4 Qe5 25. Nc3 Qg5 26. Qe2 h5 27. b4 Ne5 28. Ne4 Qg6 29. Ng3 Ng4 30. h3 Nf6 31. Qe5 h4 32. Bd3 Qh6 33. Ne4 Rd8 34. Ng5 Re8 35. Bc2 Qh5 36. Qe3 e5 37. Bb3 Nd7 38. b5 axb5 39. cxb5 1-0

[Event "Olympiad Women-44"]
[Site "Chennai"]
[Date "2022.08.01"]
[Round "4.2"]
[White "Punsalan, Vyanla M"]
[Black "Tuominen, Tanja"]
[Result "1-0"]
[WhiteElo "1895"]
[BlackElo "2080"]
[PlyCount "99"]
[EventDate "2022.07.29"]
[EventType "team-swiss"]
[EventRounds "11"]
[EventCountry "IND"]
[SourceTitle "CBM 210"]
[Source "ChessBase"]
[SourceDate "2022.10.31"]
[SourceVersion "1"]
[SourceVersionDate "2022.10.31"]
[SourceQuality "1"]
[WhiteTeam "New Zealand (W)"]
[BlackTeam "Finland (W)"]
[WhiteTeamCountry "NZL"]
[BlackTeamCountry "FIN"]

1. e4 c5 2. c3 d5 3. exd5 Qxd5 4. d4 g6 5. Nf3 Bg7 6. Be2 cxd4 7. cxd4 Nf6 8. Nc3 Qa5 9. Qb3 0-0 10. 0-0 a6 11. Bf4 Qf5 12. Bg3 b5 13. Rfd1 Qd7 14. Ne5 Qa7 15. a4 bxa4 16. Rxa4 Be6 17. d5 Bf5 18. Nc6 Nxc6 19. dxc6 Be6 20. Qa3 Qb6 21. Bf3 a5 22. c7 Ra7 23. Qxe7 Qxb2 24. Be5 Nd5 25. Rxd5 Bxd5 26. Bxg7 Qc1+ 27. Bd1 Kxg7 28. Qxf8+ Kxf8 29. c8Q+ Kg7 30. Qc5 Rd7 31. Rd4 Be6 32. Rxd7 Bxd7 33. Qd4+ Kg8 34. Nd5 Be6 35. Ne7+ Kf8 36. Qd8+ Kg7 37. Qd4+ Kf8 38. Nd5 Kg8 39. h3 a4 40. Nf6+ Kg7 41. Ne4+ Kf8 42. Qxa4 f5 43. Nd6 Ke7 44. Nb5 Qd2 45. Qd4 Qc1 46. Kh2 Bd7 47. Qd6+ Kd8 48. Bf3 g5 49. Qf6+ Kc8 50. Qf8+ 1-0

[Event "Salo SK Autumn op"]
[Site "Salo"]
[Date "2019.10.12"]
[Round "2"]
[White "Tuominen, Tanja"]
[Black "Piho, Juha"]
[Result "0-1"]
[WhiteElo "2085"]
[BlackElo "1922"]
[PlyCount "94"]
[EventDate "2019.10.11"]
[EventType "swiss"]
[EventRounds "5"]
[EventCountry "FIN"]
[SourceTitle "EXT 2021"]
[Source "ChessBase"]
[SourceDate "2020.10.23"]
[SourceVersion "1"]
[SourceVersionDate "2020.10.23"]
[SourceQuality "1"]

1. e4 c5 2. c3 g6 3. d4 cxd4 4. cxd4 d5 5. exd5 Nf6 6. Bb5+ Bd7 7. Bc4 Bg7 8. Qb3 b5 9. Bd3 a5 10. Bxb5 0-0 11. Nc3 Na6 12. Bxd7 Qxd7 13. Nf3 Rab8 14. Qd1 Nxd5 15. 0-0 Rfc8 16. Ne5 Qe6 17. Re1 Nxc3 18. bxc3 Rxc3 19. Bd2 Rcc8 20. Bxa5 Qd5 21. Qd2 Nc7 22. Rac1 Ne6 23. Nf3 Bf6 24. a3 Rxc1 25. Rxc1 Nxd4 26. Nxd4 Bxd4 27. Rd1 e5 28. Bc7 Bxf2+ 29. Kxf2 Qc5+ 30. Kf1 Qxc7 31. Qd5 Qc2 32. Qd3 Qc5 33. Qd6 Qxd6 34. Rxd6 Ra8 35. Rd3 Kg7 36. Ke2 Kf6 37. Kd2 Ke6 38. Kc2 f5 39. Kb3 e4 40. Rh3 Ra7 41. Kc4 Ke5 42. Kc5 f4 43. Kb6 Re7 44. Rc3 Kd4 45. Rc1 e3 46. a4 e2 47. Re1 Ke3 0-1

[Event "Salo SK Autumn op"]
[Site "Salo"]
[Date "2019.10.12"]
[Round "3"]
[White "Tuominen, Tanja"]
[Black "Valkama, Eero"]
[Result "0-1"]
[WhiteElo "2085"]
[BlackElo "2235"]
[PlyCount "120"]
[EventDate "2019.10.11"]
[EventType "swiss"]
[EventRounds "5"]
[EventCountry "FIN"]
[SourceTitle "EXT 2021"]
[Source "ChessBase"]
[SourceDate "2020.10.23"]
[SourceVersion "1"]
[SourceVersionDate "2020.10.23"]
[SourceQuality "1"]

1. e4 e5 2. Nf3 Nc6 3. Nc3 Nf6 4. d4 exd4 5. Nxd4 Bb4 6. Nxc6 bxc6 7. Bd3 0-0 8. 0-0 d5 9. exd5 cxd5 10. Bg5 Be6 11. Bxf6 Qxf6 12. Nb5 Ba5 13. b4 Bb6 14. c3 a5 15. a3 g6 16. Be2 Rac8 17. Bf3 Rfd8 18. Nd4 c5 19. Nxe6 fxe6 20. Re1 Rd6 21. Qd2 Rcd8 22. bxc5 Bxc5 23. c4 dxc4 24. Qxa5 Qf5 25. Qa4 Rd2 26. Rf1 c3 27. Qc4 Bd4 28. Rae1 Re8 29. Re4 Qf6 30. Qc6 Re7 31. Re2 Rxe2 32. Bxe2 Rf7 33. Bf3 Kg7 34. a4 Qe5 35. Qe4 Qd6 36. g3 e5 37. Kg2 Qc5 38. Qd5 Qa3 39. Qb5 Rxf3 40. Kxf3 c2+ 41. Kg2 c1Q 42. Qd7+ Kh6 43. Qh3+ Kg5 44. f4+ Kf6 45. Qh4+ Ke6 46. Qg4+ Ke7 47. Qg5+ Ke8 48. Rxc1 Qxc1 49. Qf6 Qc2+ 50. Kh3 Qf5+ 51. Qxf5 gxf5 52. fxe5 Kf7 53. g4 f4 54. g5 f3 55. Kg3 f2 56. Kg2 Ke6 57. h4 Kxe5 58. h5 Kf5 59. g6 hxg6 60. h6 Kf6 0-1

[Event "Turku We TSY"]
[Site "Turku"]
[Date "2018.04.21"]
[Round "2"]
[White "Tuominen, Tanja"]
[Black "Jarvela, Jari"]
[Result "0-1"]
[WhiteElo "2059"]
[BlackElo "2114"]
[PlyCount "100"]
[EventDate "2018.04.20"]
[EventType "swiss"]
[EventRounds "5"]
[EventCountry "FIN"]
[SourceTitle "EXT 2022"]
[Source "ChessBase"]
[SourceDate "2021.10.06"]
[SourceVersion "1"]
[SourceVersionDate "2021.10.06"]
[SourceQuality "1"]

1. e4 d5 2. exd5 Nf6 3. c4 c6 4. d4 cxd5 5. Nc3 Nc6 6. Nf3 e6 7. c5 Be7 8. Bd3 b6 9. Bb5 Bd7 10. Qa4 Rc8 11. Ne5 Nxe5 12. dxe5 Bxb5 13. Nxb5 Nd7 14. Nd6+ Bxd6 15. cxd6 0-0 16. f4 f6 17. exf6 Nxf6 18. Qxa7 Qxd6 19. Qa3 Qxa3 20. bxa3 Rc2 21. Be3 Ng4 22. Bd2 g5 23. h3 Nf2 24. Kxf2 Rxd2+ 25. Ke3 Rxg2 26. fxg5 Rxg5 27. Rhg1 Rxg1 28. Rxg1+ Kf7 29. Kd4 Ra8 30. Rg3 Kf6 31. Rf3+ Ke7 32. Rb3 Ra4+ 33. Kc3 Rc4+ 34. Kd3 Rh4 35. Ke2 Kd7 36. Kd2 Kc6 37. Rc3+ Kb5 38. Rb3+ Kc5 39. Rc3+ Rc4 40. Re3 Rd4+ 41. Kc3 Re4 42. Rg3 e5 43. Rg5 Re3+ 44. Kd2 Kd4 45. Rh5 Rxa3 46. Rxh7 Rxa2+ 47. Kd1 Kd3 48. Ke1 e4 49. Rh6 e3 50. Kf1 Ra1+ 0-1

[Event "Pori We PSY"]
[Site "Pori"]
[Date "2018.03.04"]
[Round "4"]
[White "Tuominen, Tanja"]
[Black "Kivimaki, Kasper"]
[Result "1-0"]
[WhiteElo "2059"]
[BlackElo "1763"]
[PlyCount "89"]
[EventDate "2018.03.17"]
[EventType "swiss"]
[EventRounds "5"]
[EventCountry "FIN"]
[SourceTitle "EXT 2022"]
[Source "ChessBase"]
[SourceDate "2021.10.06"]
[SourceVersion "1"]
[SourceVersionDate "2021.10.06"]
[SourceQuality "1"]

1. e4 c6 2. d3 d5 3. Nd2 e5 4. Ngf3 Bd6 5. g3 Nf6 6. Bg2 0-0 7. 0-0 Re8 8. c3 Nbd7 9. Qc2 Nf8 10. Re1 Ng6 11. a4 Bd7 12. a5 Qc7 13. Qb3 h6 14. Nf1 Be6 15. Qa4 b5 16. Qc2 dxe4 17. dxe4 Rad8 18. Ne3 Rd7 19. Nf5 Red8 20. Nxd6 Rxd6 21. Be3 c5 22. b3 a6 23. h3 Rd3 24. Bf1 R3d6 25. Rec1 Qc8 26. g4 h5 27. gxh5 Nxh5 28. Ng5 Ngf4 29. Kh2 f6 30. Nxe6 Qxe6 31. Rd1 Qd7 32. Rxd6 Qxd6 33. Be2 Nxe2 34. Qxe2 Nf4 35. Qg4 Rd7 36. Rg1 g5 37. Bxf4 exf4 38. e5 Qc6 39. exf6 Rd5 40. Qxf4 Kf7 41. Rxg5 Rxg5 42. Qxg5 Qd6+ 43. Kg2 Ke6 44. Qe3+ Kf5 45. Qf3+ 1-0

[Event "FIN-chT1A 1718"]
[Site "Finland"]
[Date "2017.12.03"]
[Round "5.3"]
[White "Honkanen, Marko"]
[Black "Tuominen, Tanja"]
[Result "1/2-1/2"]
[WhiteElo "2079"]
[BlackElo "2094"]
[PlyCount "130"]
[EventDate "2017.09.16"]
[EventType "team-tourn"]
[EventRounds "7"]
[EventCountry "FIN"]
[SourceTitle "EXT 2020"]
[Source "ChessBase"]
[SourceDate "2019.10.17"]
[SourceVersion "1"]
[SourceVersionDate "2019.10.17"]
[SourceQuality "1"]
[WhiteTeam "Helsinki KSK"]
[BlackTeam "Turku TuTS II"]
[WhiteTeamCountry "FIN"]
[BlackTeamCountry "FIN"]

1. e4 c5 2. Nf3 Nc6 3. d4 cxd4 4. Nxd4 Qb6 5. Nb3 Nf6 6. Nc3 e6 7. Be3 Qc7 8. f4 d6 9. Qf3 Be7 10. 0-0-0 0-0 11. g4 Rd8 12. Kb1 a6 13. Bg2 Nd7 14. g5 b5 15. e5 Bb7 16. exd6 Bxd6 17. Ne4 Nb4 18. Qe2 Bf8 19. Rhf1 Rdc8 20. Rxd7 Qxd7 21. Nec5 Bxc5 22. Nxc5 Rxc5 23. Bxc5 Bxg2 24. Qxg2 Rd8 25. Qe2 Nd5 26. Bd4 Ne7 27. Bc3 Qd5 28. h4 Nf5 29. Rg1 Nxh4 30. b3 Nf3 31. Rc1 Nd2+ 32. Ka1 Qe4 33. Qh2 Nf3 34. Qf2 Nd4 35. Kb2 Nf5 36. Qb6 Rc8 37. Rd1 h6 38. gxh6 Nxh6 39. Qxa6 Ra8 40. Qxb5 Rxa2+ 41. Kxa2 Qxc2+ 42. Ka3 Qxd1 43. Qe5 Nf5 44. b4 Qc1+ 45. Ka4 Qc2+ 46. Ka5 Qa2+ 47. Kb6 f6 48. Qc7 Ne3 49. Kb7 Nd5 50. Qc6 Nxf4 51. b5 Qd5 52. b6 e5 53. Be1 Kf7 54. Bg3 Qxc6+ 55. Kxc6 Ne6 56. Kd7 Nf8+ 57. Kd6 Ke8 58. b7 Nd7 59. Bf2 f5 60. Ke6 g6 61. Ba7 e4 62. Be3 Kd8 63. Bb6+ Ke8 64. Be3 Kd8 65. Bb6+ Ke8 1/2-1/2

[Event "FIN-chT 1718"]
[Site "Finland"]
[Date "2017.10.21"]
[Round "3.8"]
[White "Kivijarvi, Juha"]
[Black "Tuominen, Tanja"]
[Result "1-0"]
[WhiteElo "2170"]
[BlackElo "2094"]
[PlyCount "79"]
[EventDate "2017.09.16"]
[EventType "team-tourn"]
[EventRounds "11"]
[EventCountry "FIN"]
[SourceTitle "EXT 2019"]
[Source "ChessBase"]
[SourceDate "2018.10.10"]
[SourceVersion "1"]
[SourceVersionDate "2018.10.10"]
[SourceQuality "1"]
[WhiteTeam "Salo SalSK"]
[BlackTeam "Turku TuTS"]
[WhiteTeamCountry "FIN"]
[BlackTeamCountry "FIN"]

1. e4 c5 2. Nf3 Nc6 3. Bb5 e6 4. 0-0 Nd4 5. Nxd4 cxd4 6. c3 a6 7. Bd3 Bc5 8. cxd4 Bxd4 9. Nc3 Ne7 10. Ne2 Ba7 11. Bc2 d5 12. d4 Bd7 13. Nf4 Bb5 14. Re1 dxe4 15. Bxe4 Bxd4 16. Qf3 Qb6 17. Be3 Bc6 18. Bxc6+ bxc6 19. Nh5 Bxe3 20. Nxg7+ Kf8 21. Nxe6+ Ke8 22. Ng7+ Kf8 23. Rxe3 Qxb2 24. Rae1 Kxg7 25. Rxe7 Qf6 26. Qg3+ Kf8 27. Qa3 Kg7 28. R7e3 Rhd8 29. Rg3+ Kh8 30. Rf3 Qe5 31. Rfe3 Qf6 32. h3 Rd6 33. Rf3 Qg6 34. Rxf7 Rd3 35. Qb2+ Kg8 36. Rf4 Rxh3 37. Rf6 Qg7 38. Qe5 h6 39. Qe6+ Kh8 40. Rg6 1-0

[Event "Tampere We TammerSh A"]
[Site "Tampere "]
[Date "2017.09.30"]
[Round "2"]
[White "Iivonen, Markku"]
[Black "Tuominen, Tanja"]
[Result "1-0"]
[WhiteElo "2077"]
[BlackElo "2094"]
[PlyCount "39"]
[EventDate "2017.09.30"]
[EventType "swiss"]
[EventRounds "4"]
[EventCountry "FIN"]
[SourceTitle "EXT 2022"]
[Source "ChessBase"]
[SourceDate "2021.10.06"]
[SourceVersion "1"]
[SourceVersionDate "2021.10.06"]
[SourceQuality "1"]

1. e4 c5 2. Nf3 Nc6 3. d4 cxd4 4. Nxd4 Qb6 5. Nb3 Nf6 6. Nc3 e6 7. Be3 Qc7 8. f4 Bb4 9. Bd3 d5 10. e5 Nxe5 11. fxe5 Bxc3+ 12. bxc3 Qxc3+ 13. Qd2 Qxe5 14. 0-0 Qc7 15. Bd4 Ng4 16. g3 f6 17. Rae1 Kf7 18. Qg5 h5 19. Qg6+ Kf8 20. Bc5+ 1-0

[Event "Tampere We TammerSh A"]
[Site "Tampere"]
[Date "2017.03.26"]
[Round "3"]
[White "Lammi, Jyri"]
[Black "Tuominen, Tanja"]
[Result "1/2-1/2"]
[WhiteElo "2083"]
[BlackElo "2086"]
[PlyCount "83"]
[EventDate "2017.03.25"]
[EventType "swiss"]
[EventRounds "4"]
[EventCountry "FIN"]
[SourceTitle "EXT 2022"]
[Source "ChessBase"]
[SourceDate "2021.10.06"]
[SourceVersion "1"]
[SourceVersionDate "2021.10.06"]
[SourceQuality "1"]

1. b4 d5 2. e3 Nf6 3. Nf3 Bg4 4. h3 Bh5 5. c4 e6 6. cxd5 exd5 7. b5 Nbd7 8. Be2 Bd6 9. Ba3 Nc5 10. Qc1 Bxf3 11. gxf3 Qe7 12. d4 Ncd7 13. Bxd6 Qxd6 14. Qa3 Qe6 15. Nd2 c6 16. bxc6 bxc6 17. Rc1 Ng8 18. Nb3 Ne7 19. Na5 0-0 20. Qd3 f5 21. f4 Rab8 22. Nb3 Qd6 23. Nc5 Nxc5 24. dxc5 Qf6 25. 0-0 Rb2 26. Rc2 Rxc2 27. Qxc2 Rd8 28. Rd1 Kf8 29. Qb3 Ng6 30. Qb7 Nh4 31. Qc7 Re8 32. Bh5 g6 33. Be2 Re7 34. Qb8+ Kg7 35. Rd4 h6 36. Qb2 g5 37. fxg5 hxg5 38. Rb4 Qxb2 39. Rxb2 Ng6 40. Ba6 Kf6 41. Rb8 f4 42. exf4 1/2-1/2

[Event "FIN-chT1A 1617"]
[Site "Finland"]
[Date "2016.12.11"]
[Round "4.2"]
[White "Lehti, Juhani"]
[Black "Tuominen, Tanja"]
[Result "1-0"]
[WhiteElo "2185"]
[BlackElo "2079"]
[PlyCount "63"]
[EventDate "2016.09.17"]
[EventType "team-tourn"]
[EventRounds "7"]
[EventCountry "FIN"]
[SourceTitle "EXT 2019"]
[Source "ChessBase"]
[SourceDate "2018.10.10"]
[SourceVersion "1"]
[SourceVersionDate "2018.10.10"]
[SourceQuality "1"]
[WhiteTeam "Helsinki SSK"]
[BlackTeam "Turku TuTS II"]
[WhiteTeamCountry "FIN"]
[BlackTeamCountry "FIN"]

1. e4 e5 2. Nf3 Nc6 3. Nc3 Nf6 4. d4 exd4 5. Nxd4 d6 6. Be2 Be7 7. Be3 Bd7 8. g4 Nxd4 9. Qxd4 c5 10. Qd2 Nxg4 11. Bf4 Qb6 12. Nd5 Qxb2 13. 0-0 Rd8 14. Nxe7 Kxe7 15. Qxd6+ Ke8 16. Rfd1 Qf6 17. Qc7 h5 18. Rab1 Qg6 19. Bg3 Nf6 20. e5 h4 21. exf6 hxg3 22. Qe5+ Kf8 23. Rxd7 gxf2+ 24. Kxf2 Rxh2+ 25. Qxh2 Qxf6+ 26. Bf3 Rxd7 27. Qh8+ Ke7 28. Re1+ Kd6 29. Qb8+ Rc7 30. Rd1+ Qd4+ 31. Rxd4+ cxd4 32. Be4 1-0

[Event "Salo We SalSK"]
[Site "Salo"]
[Date "2016.10.29"]
[Round "3"]
[White "Linden, Lari"]
[Black "Tuominen, Tanja"]
[Result "1/2-1/2"]
[WhiteElo "2137"]
[BlackElo "2071"]
[PlyCount "45"]
[EventDate "2016.10.28"]
[EventType "swiss"]
[EventRounds "5"]
[EventCountry "FIN"]
[SourceTitle "EXT 2022"]
[Source "ChessBase"]
[SourceDate "2021.10.06"]
[SourceVersion "1"]
[SourceVersionDate "2021.10.06"]
[SourceQuality "1"]

1. d4 d5 2. c4 c6 3. Nf3 Nf6 4. e3 e6 5. b3 Be7 6. Bb2 0-0 7. Bd3 Nbd7 8. Nc3 b6 9. 0-0 Bb7 10. Qe2 c5 11. Rfd1 cxd4 12. exd4 Nh5 13. Qe3 g6 14. Rac1 Bf6 15. Ba3 Re8 16. cxd5 exd5 17. Qd2 a6 18. Re1 Ng7 19. Rxe8+ Qxe8 20. Re1 Ne6 21. Ne2 Qb8 22. Rc1 Bg7 23. Bb2 1/2-1/2

[Event "Salo We SalSK"]
[Site "Salo"]
[Date "2016.10.29"]
[Round "2"]
[White "Tuominen, Tanja"]
[Black "Wikman, Jimmy"]
[Result "1-0"]
[WhiteElo "2071"]
[BlackElo "2070"]
[PlyCount "101"]
[EventDate "2016.10.28"]
[EventType "swiss"]
[EventRounds "5"]
[EventCountry "FIN"]
[SourceTitle "EXT 2022"]
[Source "ChessBase"]
[SourceDate "2021.10.06"]
[SourceVersion "1"]
[SourceVersionDate "2021.10.06"]
[SourceQuality "1"]

1. e4 c5 2. c3 e6 3. d4 d5 4. exd5 Qxd5 5. Nf3 Nc6 6. Be2 cxd4 7. cxd4 Bb4+ 8. Nc3 Nge7 9. 0-0 Bxc3 10. bxc3 0-0 11. Ba3 Qa5 12. Qb3 Rd8 13. Ne5 Nd5 14. Nxc6 bxc6 15. c4 Nb6 16. Qg3 Qd2 17. Be7 Re8 18. Bf6 Qh6 19. Bg5 Qg6 20. Bd3 f5 21. Qe3 Ba6 22. Rac1 h6 23. Bf4 Qf7 24. Qe2 Nd7 25. Rc3 c5 26. Ra3 Bb7 27. Rb1 Nf6 28. f3 cxd4 29. Be5 Re7 30. Bxd4 a6 31. Rab3 Rae8 32. Be5 Bc8 33. c5 Nd5 34. Bxa6 Bxa6 35. Qxa6 Ra7 36. Qe2 Kh7 37. c6 Ne7 38. Rb7 Raa8 39. Qc4 Rac8 40. Qc5 Kg6 41. Qb5 Qg8 42. a4 Kh5 43. Rc1 g5 44. g4+ Kg6 45. Bd6 Nd5 46. Be5 Re7 47. Rxe7 Nxe7 48. c7 Qf7 49. Qd7 h5 50. Bd6 Qf6 51. Bxe7 1-0

[Event "Salo We SalSK"]
[Site "Salo"]
[Date "2016.10.28"]
[Round "1"]
[White "Lindholm, Jere"]
[Black "Tuominen, Tanja"]
[Result "0-1"]
[WhiteElo "1955"]
[BlackElo "2071"]
[PlyCount "34"]
[EventDate "2016.10.28"]
[EventType "swiss"]
[EventRounds "5"]
[EventCountry "FIN"]
[SourceTitle "EXT 2022"]
[Source "ChessBase"]
[SourceDate "2021.10.06"]
[SourceVersion "1"]
[SourceVersionDate "2021.10.06"]
[SourceQuality "1"]

1. e4 c5 2. d4 cxd4 3. c3 d3 4. Bxd3 Nc6 5. Nf3 d6 6. h3 g6 7. c4 Bg7 8. 0-0 Nf6 9. Nc3 0-0 10. Be3 Ne5 11. Nxe5 dxe5 12. Qe2 Be6 13. Nd5 Nh5 14. Rac1 Bxd5 15. cxd5 Nf4 16. Qd2 e6 17. Bc5 Qg5 0-1

[Event "FIN-chT2 Gp1 1516"]
[Site "Finland"]
[Date "2016.01.09"]
[Round "5.3"]
[White "Eriksson, Tom"]
[Black "Tuominen, Tanja"]
[Result "1/2-1/2"]
[WhiteElo "1995"]
[BlackElo "2107"]
[PlyCount "96"]
[EventDate "2015.09.12"]
[EventType "team-tourn"]
[EventRounds "6"]
[EventCountry "FIN"]
[SourceTitle "EXT 2017"]
[Source "ChessBase"]
[SourceDate "2016.10.25"]
[SourceVersion "1"]
[SourceVersionDate "2016.10.25"]
[SourceQuality "1"]
[WhiteTeam "Turku AS"]
[BlackTeam "Turku TuTS II"]
[WhiteTeamCountry "FIN"]
[BlackTeamCountry "FIN"]

1. e4 c5 2. Nc3 Nc6 3. Nf3 Nd4 4. Nxd4 cxd4 5. Ne2 d5 6. Nxd4 dxe4 7. Bb5+ Bd7 8. Bxd7+ Qxd7 9. Ne2 e5 10. Nc3 f5 11. Qe2 Bd6 12. Qb5 Rd8 13. b3 Ne7 14. Qxd7+ Rxd7 15. Bb2 0-0 16. Nb5 Bb8 17. Ba3 Rc8 18. Bxe7 Rxe7 19. c4 Kf7 20. g3 Ke6 21. Nc3 Rf7 22. Ke2 Bd6 23. Rac1 Ba3 24. Rc2 Rcf8 25. Nd5 Bc5 26. Rf1 b5 27. f3 exf3+ 28. Rxf3 e4 29. Rf1 bxc4 30. bxc4 Ke5 31. d3 g5 32. Rb1 f4 33. gxf4+ gxf4 34. dxe4 f3+ 35. Kd3 f2 36. Rf1 Rf3+ 37. Ke2 Kxe4 38. Rc3 Bd4 39. Rb3 R8f7 40. Rb8 Ra3 41. Re8+ Be5 42. Nb4 Rb7 43. Rb1 Rf7 44. Kf1 Rf5 45. Nc6 Rxa2 46. Rxe5+ Rxe5 47. Nxe5 Kxe5 48. Rb7 h5 1/2-1/2

[Event "EU-chT (Women) 20th"]
[Site "Reykjavik"]
[Date "2015.11.21"]
[Round "8.1"]
[White "Ptacnikova, Lenka"]
[Black "Tuominen, Tanja"]
[Result "1/2-1/2"]
[WhiteElo "2189"]
[BlackElo "2109"]
[PlyCount "93"]
[EventDate "2015.11.13"]
[EventType "team-swiss"]
[EventRounds "9"]
[EventCountry "ISL"]
[SourceTitle "CBM 169 Extra"]
[Source "ChessBase"]
[SourceDate "2015.12.18"]
[SourceVersion "1"]
[SourceVersionDate "2015.12.18"]
[SourceQuality "1"]
[WhiteTeam "Iceland (W)"]
[BlackTeam "Finland (W)"]
[WhiteTeamCountry "ISL"]
[BlackTeamCountry "FIN"]

1. e4 c5 2. Nc3 Nc6 3. f4 e6 4. Nf3 Nd4 5. d3 Ne7 6. Nxd4 cxd4 7. Ne2 Nc6 8. g3 Bc5 9. Bg2 0-0 10. 0-0 f5 11. Kh1 Rb8 12. c3 dxc3 13. bxc3 fxe4 14. d4 Bd6 15. Bxe4 b5 16. Rb1 Na5 17. Qd3 h6 18. d5 Nc4 19. Nd4 Ba6 20. dxe6 Bc5 21. Bd5 Kh8 22. Re1 Nb6 23. Bg2 Qf6 24. Be3 Rbd8 25. e7 Bxe7 26. Nxb5 Na4 27. Bd4 Qf7 28. Qe4 Bc5 29. Bxg7+ Qxg7 30. Qxa4 Rf6 31. Nc7 Bd3 32. Rbd1 Qg6 33. Nd5 Ra6 34. Qb3 Bc2 35. Qc4 Bxd1 36. Qxc5 Bc2 37. Qe7 Rg8 38. Qxd7 Rd6 39. Qxa7 Qd3 40. Qc5 Rgd8 41. Ne7 Rf6 42. Nd5 Rfd6 43. Nb4 Qf5 44. Qe3 Rd1 45. Nxc2 Qxc2 46. Qe5+ Kg8 47. Qe6+ 1/2-1/2

[Event "EU-chT (Women) 20th"]
[Site "Reykjavik"]
[Date "2015.11.20"]
[Round "7.1"]
[White "Tuominen, Tanja"]
[Black "Stanford, Sheila Barth"]
[Result "1/2-1/2"]
[WhiteElo "2109"]
[BlackElo "2190"]
[PlyCount "84"]
[EventDate "2015.11.13"]
[EventType "team-swiss"]
[EventRounds "9"]
[EventCountry "ISL"]
[SourceTitle "CBM 169 Extra"]
[Source "ChessBase"]
[SourceDate "2015.12.18"]
[SourceVersion "1"]
[SourceVersionDate "2015.12.18"]
[SourceQuality "1"]
[WhiteTeam "Finland (W)"]
[BlackTeam "Norway (W)"]
[WhiteTeamCountry "FIN"]
[BlackTeamCountry "NOR"]

1. d4 d5 2. Nf3 Nf6 3. Bf4 e6 4. e3 c5 5. c4 Nc6 6. Nc3 a6 7. Ne5 cxd4 8. Nxc6 bxc6 9. exd4 dxc4 10. Bxc4 Be7 11. 0-0 0-0 12. Rc1 c5 13. d5 exd5 14. Nxd5 Nxd5 15. Bxd5 Ra7 16. Qf3 Qb6 17. Be5 Be6 18. Rfd1 Bxd5 19. Rxd5 Qe6 20. Bc3 Rd7 21. Re5 Qd6 22. Rce1 Bf6 23. Rh5 Bxc3 24. Qxc3 Rc7 25. Rc1 Rfc8 26. Rh4 h6 27. Rg4 f6 28. Qc4+ Kh8 29. Re4 Rd8 30. Rce1 Kh7 31. h4 Qd3 32. Qe6 Qd5 33. Qxa6 Ra8 34. Qc4 Qxc4 35. Rxc4 Rxa2 36. b4 Ra4 37. Rec1 Kg6 38. Rxc5 Rb7 39. h5+ Kh7 40. Rb1 Raxb4 41. Rxb4 Rxb4 42. f3 Rb7 1/2-1/2

[Event "EU-chT (Women) 20th"]
[Site "Reykjavik"]
[Date "2015.11.15"]
[Round "3.14"]
[White "Botsari, Anna Maria"]
[Black "Tuominen, Tanja"]
[Result "1-0"]
[WhiteElo "2324"]
[BlackElo "2109"]
[PlyCount "51"]
[EventDate "2015.11.13"]
[EventType "team-swiss"]
[EventRounds "9"]
[EventCountry "ISL"]
[SourceTitle "CBM 169 Extra"]
[Source "ChessBase"]
[SourceDate "2015.12.18"]
[SourceVersion "1"]
[SourceVersionDate "2015.12.18"]
[SourceQuality "1"]
[WhiteTeam "Greece (W)"]
[BlackTeam "Finland (W)"]
[WhiteTeamCountry "GRE"]
[BlackTeamCountry "FIN"]

1. d4 d5 2. c4 c6 3. Nf3 Nf6 4. Nbd2 g6 5. g3 Bg7 6. Bg2 0-0 7. 0-0 Bf5 8. Ne5 Nbd7 9. h3 Ne4 10. cxd5 Nxd2 11. Qxd2 cxd5 12. g4 Be6 13. f4 f6 14. Nf3 Bf7 15. e3 Qc7 16. b3 e5 17. fxe5 fxe5 18. Ba3 exd4 19. exd4 Rfd8 20. Ng5 Be8 21. Ne6 Qb6 22. Nxg7 Kxg7 23. Rae1 Kh8 24. Re7 g5 25. Qxg5 Qxd4+ 26. Rf2 1-0

[Event "Salo We SalSK"]
[Site "Salo"]
[Date "2015.10.18"]
[Round "4"]
[White "Auvinen, Esa"]
[Black "Tuominen, Tanja"]
[Result "0-1"]
[WhiteElo "1969"]
[BlackElo "2109"]
[PlyCount "60"]
[EventDate "2015.10.16"]
[EventType "swiss"]
[EventRounds "5"]
[EventCountry "FIN"]
[SourceTitle "EXT 2022"]
[Source "ChessBase"]
[SourceDate "2021.10.06"]
[SourceVersion "1"]
[SourceVersionDate "2021.10.06"]
[SourceQuality "1"]

1. e4 c6 2. d4 d5 3. exd5 cxd5 4. c4 Nf6 5. Nc3 Nc6 6. Nf3 e6 7. Bf4 Bd6 8. Bxd6 Qxd6 9. c5 Qe7 10. Bd3 0-0 11. 0-0 b6 12. Bb5 Bb7 13. Bxc6 Bxc6 14. b4 bxc5 15. bxc5 Ne4 16. Qc2 f6 17. Rfe1 Qc7 18. Nd2 Qf4 19. Ncxe4 dxe4 20. Nxe4 f5 21. Qd2 fxe4 22. Qe3 Rab8 23. Rab1 Rbd8 24. a3 e5 25. Red1 exd4 26. Rxd4 Qxe3 27. fxe3 Rxd4 28. exd4 e3 29. Re1 Bb5 30. a4 Ba6 0-1